[Event "e2e4 Diamond Jubilee Premier"]
[Site "London ENG"]
[Date "2012.06.04"]
[Round "4.42"]
[White "Lim, Zhuo Ren"]
[Black "Shepherd, Katherine M"]
[Result "1-0"]
[WhiteElo "2095"]
[BlackElo "1763"]
[WhiteFideId "5702488"]
[BlackFideId "412031"]
[EventDate "2012.06.02"]

1. Nf3 d5 2. d4 Nf6 3. g3 Bf5 4. Bg2 e6 5. O-O Be7 6. c4 c6 7. Nc3 Nbd7 8. Nh4
Bg4 9. h3 Bh5 10. cxd5 exd5 11. Nf5 O-O 12. Qb3 Nb6 13. a4 Bg6 14. Nxe7+ Qxe7
15. Re1 h6 16. a5 Nc8 17. Bf4 Nh5 18. Bd2 Nd6 19. Na4 Rfd8 20. g4 Nf6 21. Bf4
Nb5 22. Rad1 Ne4 23. f3 Ned6 24. Qb4 Bc2 25. Ra1 Bxa4 26. Rxa4 Re8 27. b3 Qd7
28. e3 Re7 29. Ra2 Rae8 30. Rae2 Re6 31. Bf1 Qe7 32. Bg2 Nf5 33. Qxe7 Nxe7 34.
Kf2 Ng6 35. Bg3 Nf8 36. h4 g5 37. Bf1 Ng6 38. h5 Nf8 39. Rc1 Kg7 40. Ree1 Nd6
41. Bd3 Rd8 42. Ke2 Ree8 43. a6 bxa6 44. Rxc6 Nb5 45. Be5+ Kg8 46. Rxh6 Rxe5 47.
dxe5 Ne6 48. Bf5 Kg7 49. Bxe6 Kxh6 50. Bxf7 d4 51. e6 Rc8 52. exd4 Nxd4+ 53. Kd3
Nxf3 54. Re3 Rd8+ 55. Kc3 Rc8+ 56. Kb2 Nd4 57. e7 Rc2+ 58. Kb1 Rd2 59. Re1 Nc2
60. e8=Q Na3+ 61. Kc1 Rc2+ 62. Kd1 Kg7 63. Qg8+ Kf6 64. Re6# 1-0

[Event "e2e4 Diamond Jubilee Premier"]
[Site "London ENG"]
[Date "2012.06.04"]
[Round "4.43"]
[White "Savage, Nicholas W"]
[Black "Gupta, Arul"]
[Result "1-0"]
[WhiteElo "2072"]
[BlackElo "1697"]
[WhiteFideId "417157"]
[BlackFideId "422622"]
[EventDate "2012.06.02"]

1. d4 d5 2. c4 e6 3. Nf3 Nf6 4. g3 Be7 5. Bg2 O-O 6. O-O dxc4 7. Ne5 Nc6 8. Nxc6
bxc6 9. Na3 Bxa3 10. bxa3 Nd5 11. Qa4 Nb6 12. Qxc6 Rb8 13. Bf4 Nd5 14. Qxc4 Nxf4
15. gxf4 Bb7 16. e4 Qd6 17. Rfc1 Qxf4 18. Qxc7 Qf6 19. Rab1 Qg5 20. f4 Qxg2+ 21.
Kxg2 Bxe4+ 22. Kg3 Rxb1 23. Rxb1 Bxb1 24. Qxa7 Bxa2 25. a4 Bd5 26. a5 h6 27. a6
Ra8 28. Qb6 Kf8 29. Qd6+ Kg8 30. f5 Kh8 31. fxe6 fxe6 32. a7 Kg8 33. Qb8+ Kf7
34. h4 Kf6 35. h5 Kf7 36. Kf4 Kf6 37. Qe5+ Kf7 38. Qc7+ Kf6 39. Qe5+ Kf7 40.
Qc7+ Kf6 41. Qb8 g6 42. hxg6 Kxg6 43. Kg4 Kf7 44. Kh5 Ke7 45. Kxh6 Kd7 46. Kg7
Be4 47. Kf6 Bf3 48. Ke5 Bd5 49. Qd6+ Kc8 50. Qb6 Kd7 51. Qb8 Ke7 52. Qc7+ Kf8
53. Kf6 1-0

[Event "e2e4 Diamond Jubilee Premier"]
[Site "London ENG"]
[Date "2012.06.04"]
[Round "4.44"]
[White "Jensen, Soren2"]
[Black "Hewitt, Sean D"]
[Result "1/2-1/2"]
[WhiteElo "1876"]
[BlackElo "1872"]
[WhiteFideId "1409999"]
[BlackFideId "404993"]
[EventDate "2012.06.02"]

1. c4 c5 2. g3 g6 3. Bg2 Bg7 4. Nc3 Nc6 5. a3 e6 6. e4 Nge7 7. Nge2 O-O 8. O-O
b6 9. d3 Bb7 10. Bg5 h6 11. Bf4 a6 12. Rb1 Nd4 13. b4 cxb4 14. axb4 Nec6 15. b5
axb5 16. Nxb5 Nxb5 17. Rxb5 Nd4 18. Nxd4 Bxd4 19. Bxh6 Re8 20. Qd2 Bc6 21. Rb3
Qf6 22. Be3 Ra5 23. Bxd4 Qxd4 24. Rfb1 Rea8 25. Rxb6 Ra1 26. Rb2 R8a2 27. Rxa1
Rxb2 28. Qe3 Qc3 29. Rc1 Qb4 30. Qe1 Qc5 31. Qe3 Qxe3 32. fxe3 f5 33. Bh1 Ba4
34. exf5 gxf5 35. Bf3 Kg7 36. h4 Kf6 37. Kf1 e5 38. Re1 Bc2 39. Be2 Rb3 40. Kf2
Bxd3 41. Bd1 Rb2+ 42. Kg1 Bxc4 43. Ba4 Rd2 44. Rd1 1/2-1/2

[Event "e2e4 Diamond Jubilee Premier"]
[Site "London ENG"]
[Date "2012.06.04"]
[Round "5.1"]
[White "Eggleston, David J"]
[Black "Sumets, Andrey"]
[Result "0-1"]
[WhiteTitle "FM"]
[BlackTitle "GM"]
[WhiteElo "2327"]
[BlackElo "2599"]
[WhiteFideId "412120"]
[BlackFideId "14105500"]
[EventDate "2012.06.02"]

1. e4 c6 2. d4 d5 3. Nc3 g6 4. Nf3 Bg7 5. h3 Nh6 6. Bd3 O-O 7. O-O f6 8. Re1 Nf7
9. Qe2 e6 10. h4 e5 11. dxe5 fxe5 12. exd5 cxd5 13. Ng5 e4 14. Ncxe4 dxe4 15.
Bc4 Nc6 16. Bf4 Qf6 17. Qxe4 Bf5 18. Qe3 h6 19. Nxf7 Rxf7 20. c3 Rf8 21. Qg3 Kh7
22. Bxf7 Qxf7 23. Re3 Be6 24. Bd6 Rd8 25. a3 Qd7 26. Rd1 Bf5 27. c4 b6 28. Rd5
Qf7 29. Qf4 h5 30. Qg5 Rd7 31. Qg3 Be6 32. Rdd3 Nd4 33. Be5 Nf5 34. Rxd7 Qxd7
35. Rd3 Nxg3 36. Rxd7 Ne2+ 37. Kf1 Bxd7 38. Bxg7 Ng3+ 39. fxg3 Kxg7 40. Ke2 Kf6
41. b4 Ke5 42. Ke3 Bc6 43. Kf2 Kd4 0-1

[Event "e2e4 Diamond Jubilee Premier"]
[Site "London ENG"]
[Date "2012.06.04"]
[Round "5.2"]
[White "Vovk, Yuri"]
[Black "Zhou, Yang-Fan"]
[Result "1-0"]
[WhiteTitle "GM"]
[BlackTitle "IM"]
[WhiteElo "2562"]
[BlackElo "2438"]
[WhiteFideId "14113171"]
[BlackFideId "468584"]
[EventDate "2012.06.02"]

1. d4 Nf6 2. c4 g6 3. Nc3 Bg7 4. e4 d6 5. Nf3 O-O 6. Be2 e5 7. Be3 Nbd7 8. O-O
Re8 9. d5 Nh5 10. g3 Bf8 11. Ne1 Ng7 12. Nd3 f5 13. f3 Be7 14. Rc1 Rf8 15. b4 a5
16. a3 f4 17. gxf4 exf4 18. Nxf4 Bg5 19. Qd2 Ne5 20. Ng2 Bxe3+ 21. Qxe3 axb4 22.
axb4 g5 23. f4 gxf4 24. Nxf4 Ra3 25. Kh1 Qg5 26. Ne6 Nxe6 27. Rg1 Qg7 28. Rxg7+
Nxg7 29. Rg1 Ng6 30. Qd2 Rb3 31. Nb5 Rf2 32. Nd4 Rh3 33. Rg2 Rf7 34. Rg3 Rh4 35.
Nf3 Rhf4 36. Qe3 Nh5 37. Ng5 Nxg3+ 38. hxg3 Rf1+ 39. Bxf1 Rxf1+ 40. Kg2 Rb1 41.
Qf2 Kg7 42. Qf7+ Kh6 43. Qf6 Kh5 44. Nxh7 Kh6 45. Nf8 1-0

[Event "e2e4 Diamond Jubilee Premier"]
[Site "London ENG"]
[Date "2012.06.04"]
[Round "5.3"]
[White "Hebden, Mark L"]
[Black "Vovk, Andrey"]
[Result "1-0"]
[WhiteTitle "GM"]
[BlackTitle "GM"]
[WhiteElo "2512"]
[BlackElo "2549"]
[WhiteFideId "400084"]
[BlackFideId "14114470"]
[EventDate "2012.06.02"]

1. d4 Nf6 2. Nf3 e6 3. e3 b6 4. Bd3 Bb7 5. O-O Be7 6. c4 O-O 7. Nc3 d5 8. b3
Nbd7 9. Bb2 Ne4 10. Rc1 Ndf6 11. Ne2 c5 12. cxd5 exd5 13. Ne5 Rc8 14. f3 Nd6 15.
Nf4 Rc7 16. Rf2 Qc8 17. Rfc2 Nfe8 18. Qe1 f6 19. dxc5 bxc5 20. Ng4 c4 21. Bf1
cxb3 22. Rxc7 Nxc7 23. axb3 Qd7 24. Bd3 Ne6 25. Nxe6 Qxe6 26. Bd4 a6 27. Qg3 Rc8
28. Ra1 Nf7 29. h4 h6 30. Qf4 Bd6 31. Qf5 Qxf5 32. Bxf5 Rc7 33. Nf2 Ne5 34. Nd3
Nxd3 35. Bxd3 Rc6 36. Kf2 Kf7 37. g4 Be5 38. Ke2 Bxd4 39. exd4 Ke6 40. Kd2 Kd6
41. Ra5 Rb6 42. Kc3 Rc6+ 43. Kb2 Ke6 44. h5 Kd6 45. b4 Rb6 46. Kc3 Bc8 47. Be2
Bb7 48. f4 Bc8 49. f5 Bb7 50. Kb3 Bc8 51. Bd3 Bb7 52. Ra1 Bc8 53. Ka4 Rc6 54.
Ka5 Kc7 55. Ra2 Rd6 56. Rc2+ Kd8 57. Rc3 Bb7 58. Bc2 Bc8 59. Ba4 Bd7 60. Bxd7
Kxd7 61. Rc1 Kd8 62. Re1 Rc6 63. Re6 Rc1 64. Rxa6 Kc7 65. Kb5 Rc4 66. Ra7+ Kd6
67. Rxg7 Rxd4 68. Ka5 Rd1 69. Rg6 Ke5 70. Rxh6 d4 71. Rh8 d3 72. Kb5 Kf4 73. Kc4
Kxg4 74. Rd8 Rc1+ 75. Kb3 Rb1+ 76. Kc3 Kxf5 77. Rxd3 Rh1 78. b5 Ke4 79. Rd4+ Ke5
80. Rc4 Rh3+ 81. Kb4 Ke6 82. b6 Rh1 1-0

[Event "e2e4 Diamond Jubilee Premier"]
[Site "London ENG"]
[Date "2012.06.04"]
[Round "5.4"]
[White "Rausis, Igor"]
[Black "Duport, Nicolas"]
[Result "1/2-1/2"]
[WhiteTitle "GM"]
[WhiteElo "2514"]
[BlackElo "2214"]
[WhiteFideId "11600098"]
[BlackFideId "1314424"]
[EventDate "2012.06.02"]

1. c4 c6 2. e4 d5 3. cxd5 cxd5 4. exd5 Nf6 5. Nc3 Nxd5 6. Nf3 e6 7. d4 Bb4 8.
Bd2 O-O 9. Bd3 Nc6 10. O-O Be7 11. a3 Bf6 12. Qc2 g6 13. Bh6 Bg7 14. Bxg7 Kxg7
15. Rad1 Nce7 16. Qe2 Qa5 17. Qe5+ f6 18. Qe1 Nxc3 19. Qxc3 Qxc3 20. bxc3 Bd7
21. Rfe1 Rac8 22. c4 Kf7 23. Nd2 Rfd8 24. Rb1 Bc6 25. Nb3 1/2-1/2

[Event "e2e4 Diamond Jubilee Premier"]
[Site "London ENG"]
[Date "2012.06.04"]
[Round "5.5"]
[White "Brown, Martin"]
[Black "Astaneh Lopez, Alex"]
[Result "1-0"]
[BlackTitle "IM"]
[WhiteElo "2183"]
[BlackElo "2402"]
[WhiteFideId "401480"]
[BlackFideId "2501430"]
[EventDate "2012.06.02"]

1. e4 c5 2. Nf3 e6 3. d4 cxd4 4. Nxd4 a6 5. Be2 Nf6 6. Nc3 Qc7 7. O-O b5 8. Bf3
e5 9. Nf5 b4 10. Nd5 Nxd5 11. Qxd5 Bb7 12. Qd3 a5 13. Rd1 Na6 14. Be3 Bc6 15. c4
Rg8 16. Nd6+ Bxd6 17. Qxd6 Qxd6 18. Rxd6 Ke7 19. Rad1 Rgb8 20. Bg4 Rb7 21. f4
exf4 22. Bxf4 h6 23. Be5 Rg8 24. Bf5 Ra7 25. Bh7 Rh8 26. Bxg7 Rxh7 27. Bf6+ Ke8
28. Rxc6 Ra8 29. Rcd6 Nb8 30. c5 h5 31. c6 Ra7 32. Rc1 1-0

[Event "e2e4 Diamond Jubilee Premier"]
[Site "London ENG"]
[Date "2012.06.04"]
[Round "5.6"]
[White "Buckley, Graeme N"]
[Black "Martinsen, Stig K"]
[Result "1-0"]
[WhiteTitle "IM"]
[WhiteElo "2363"]
[BlackElo "2169"]
[WhiteFideId "402265"]
[BlackFideId "1502824"]
[EventDate "2012.06.02"]

1. d4 d6 2. Nf3 g6 3. e4 Nf6 4. Nc3 Bg7 5. Be3 a6 6. a4 b6 7. e5 Ng4 8. Bf4 c5
9. dxc5 dxe5 10. Qxd8+ Kxd8 11. O-O-O+ Nd7 12. Bg3 bxc5 13. h3 Nf6 14. Nxe5 Ke8
15. Bc4 e6 16. Rhe1 Nxe5 17. Bxe5 Bb7 18. f3 Rg8 19. a5 Bh6+ 20. Kb1 Nd7 21. Bh2
Bg5 22. Bb3 Rc8 23. Ne4 Be7 24. Nd6+ Bxd6 25. Rxd6 Bc6 26. Bxe6 1-0

[Event "e2e4 Diamond Jubilee Premier"]
[Site "London ENG"]
[Date "2012.06.04"]
[Round "5.7"]
[White "Jackson, James P"]
[Black "Longson, Alexander"]
[Result "1/2-1/2"]
[WhiteElo "2121"]
[BlackElo "2274"]
[WhiteFideId "416860"]
[BlackFideId "408093"]
[EventDate "2012.06.02"]

1. e4 e5 2. Nf3 Nc6 3. Bb5 a6 4. Ba4 Nge7 5. O-O g6 6. c3 Bg7 7. d4 exd4 8. cxd4
b5 9. Bb3 O-O 10. h3 d6 11. Nc3 Na5 12. Bg5 Nxb3 13. Qxb3 c6 14. a4 Bb7 15. axb5
axb5 16. Rxa8 Bxa8 17. Ra1 Qd7 18. Qb4 Bb7 19. Bxe7 Qxe7 20. Ra7 Qc7 21. d5 Qb6
22. Ra5 Re8 23. dxc6 Bxc6 24. Nd5 Qc5 25. Qxc5 dxc5 26. Ra6 Bxd5 27. exd5 Rd8
28. Ra5 Rb8 29. b3 Kf8 30. Kf1 Rb7 31. Ke2 Ke7 32. Ra6 c4 33. bxc4 bxc4 34. Rc6
c3 35. Ke3 Rb1 36. Nd4 Rd1 37. Ne2 Rxd5 38. Nxc3 Ke8 39. Ke2 1/2-1/2

[Event "e2e4 Diamond Jubilee Premier"]
[Site "London ENG"]
[Date "2012.06.04"]
[Round "5.8"]
[White "Jaunooby, Ali R"]
[Black "Williams, Simon K"]
[Result "0-1"]
[BlackTitle "GM"]
[WhiteElo "2158"]
[BlackElo "2513"]
[WhiteFideId "413291"]
[BlackFideId "404454"]
[EventDate "2012.06.02"]

1. d4 e6 2. e4 d5 3. e5 c5 4. c3 Nc6 5. Nf3 Bd7 6. a3 f6 7. b4 fxe5 8. b5 Nce7
9. Nxe5 Nf5 10. Bd3 Nf6 11. g4 Bd6 12. Nxd7 Qxd7 13. gxf5 O-O 14. c4 exf5 15.
Qf3 Rae8+ 16. Kf1 f4 17. cxd5 Ng4 18. Bb2 Re3 19. fxe3 fxe3 20. Qxf8+ Bxf8 21.
Ke2 Qxd5 22. Rg1 c4 23. Bc2 Qh5 24. Be4 Ne5+ 25. Ke1 Nd3+ 26. Bxd3 cxd3 27. Rg2
Qf3 0-1

[Event "e2e4 Diamond Jubilee Premier"]
[Site "London ENG"]
[Date "2012.06.04"]
[Round "5.9"]
[White "Collins, Sam E."]
[Black "Pena Torres, Jose Carlos"]
[Result "1-0"]
[WhiteTitle "IM"]
[WhiteElo "2428"]
[BlackElo "2105"]
[WhiteFideId "2501198"]
[BlackFideId "2206617"]
[EventDate "2012.06.02"]

1. g3 Nf6 2. Bg2 d5 3. Nf3 c5 4. c4 e6 5. O-O Be7 6. cxd5 exd5 7. d4 Nbd7 8. Ne5
cxd4 9. Nxd7 Bxd7 10. Qxd4 O-O 11. Nc3 Bc6 12. Rd1 Qa5 13. Be3 Rfd8 14. Qe5 Bf8
15. Bd4 Qb4 16. a3 Qe7 17. b4 Ne4 18. e3 Qxe5 19. Bxe5 Nxc3 20. Bxc3 Rac8 21.
Bd4 b6 22. Rdc1 Bb7 23. Bh3 Rc4 24. Rd1 Be7 25. Bf1 Rc2 26. a4 g5 27. a5 Rdc8
28. axb6 axb6 29. Ra7 1-0

[Event "e2e4 Diamond Jubilee Premier"]
[Site "London ENG"]
[Date "2012.06.04"]
[Round "5.10"]
[White "Talbot, Andrew R"]
[Black "Cobb, James"]
[Result "1/2-1/2"]
[BlackTitle "IM"]
[WhiteElo "2158"]
[BlackElo "2411"]
[WhiteFideId "410403"]
[BlackFideId "1800949"]
[EventDate "2012.06.02"]

1. d4 Nf6 2. c4 e6 3. Nc3 Bb4 4. Nf3 b6 5. Bg5 Bb7 6. Nd2 h6 7. Bh4 Be7 8. e3
O-O 9. Bd3 c5 10. dxc5 bxc5 11. O-O Nc6 12. Rc1 a6 13. Na4 d6 14. Qe2 Qc7 15. a3
Rab8 16. f4 Ba8 17. Bb1 Ne8 18. Bxe7 Nxe7 19. e4 Bc6 20. b3 Bxa4 21. bxa4 Nc6
22. Qd3 e5 23. Nf3 Nd4 24. Nxd4 cxd4 25. fxe5 dxe5 26. c5 Nf6 27. Qxa6 Ng4 28.
h3 Ne3 29. Rf2 Qe7 30. Ba2 Qg5 31. Re1 Qg3 32. Qe2 Rbc8 33. Rc1 Qg5 34. Qd2 Qg6
35. Qd3 Kh8 36. a5 Qg5 37. Qd2 Qg6 38. Qd3 Qg5 39. Qd2 Qg6 1/2-1/2

[Event "e2e4 Diamond Jubilee Premier"]
[Site "London ENG"]
[Date "2012.06.04"]
[Round "5.11"]
[White "Burrows, Martin P"]
[Black "Sarakauskas, Gediminas"]
[Result "0-1"]
[BlackTitle "IM"]
[WhiteElo "2134"]
[BlackElo "2403"]
[WhiteFideId "409057"]
[BlackFideId "12800724"]
[EventDate "2012.06.02"]

1. e4 c5 2. Nf3 e6 3. d4 cxd4 4. Nxd4 a6 5. Bd3 Qc7 6. O-O Nf6 7. Be3 d5 8. exd5
Nxd5 9. Nc3 Nxe3 10. fxe3 Nd7 11. Rxf7 Kxf7 12. Nxe6 Qe5 13. Bc4 Nb6 14. Ng5+
Ke7 15. Nf7 Qxe3+ 16. Kh1 Nxc4 17. Nxh8 Be6 18. Nd5+ Bxd5 19. Qxd5 Nd6 20. Rf1
Qe6 21. Qd2 Kd7 22. Nf7 Re8 23. Ng5 Qc4 24. Kg1 Re2 25. Rf7+ Kc6 0-1

[Event "e2e4 Diamond Jubilee Premier"]
[Site "London ENG"]
[Date "2012.06.04"]
[Round "5.12"]
[White "Sipila, Vilka"]
[Black "Mihajlov, Sebastian"]
[Result "1-0"]
[WhiteTitle "FM"]
[WhiteElo "2393"]
[BlackElo "2064"]
[WhiteFideId "505455"]
[BlackFideId "1512110"]
[EventDate "2012.06.02"]

1. f4 d5 2. e3 Nf6 3. Nf3 c6 4. b3 Bf5 5. Bb2 e6 6. Be2 h6 7. O-O Nbd7 8. Ne5
Bd6 9. d3 O-O 10. Nd2 Qc7 11. Nxd7 Nxd7 12. Bg4 Qb6 13. d4 Nf6 14. Bxf5 exf5 15.
c4 Bb4 16. Nf3 Be7 17. c5 Qc7 18. Qc2 Ne4 19. Rfc1 Bf6 20. b4 a6 21. a4 g6 22.
Qb3 b6 23. cxb6 Qxb6 24. Qc2 Rac8 25. Ba3 Rfe8 26. Qd3 Nd6 27. Ne5 Bxe5 28. fxe5
Nc4 29. Rxc4 dxc4 30. Qxc4 Rcd8 31. Rc1 f4 32. Rf1 Rd5 33. a5 Qb5 34. Qxb5 cxb5
35. Rxf4 Rc8 36. Rf1 Rc3 37. Bc1 Rd7 38. Bd2 Rc2 39. Rd1 Kg7 40. Kf2 f6 41.
exf6+ Kxf6 42. Ke2 Rc4 43. Kd3 Ke6 44. g4 Rf7 45. Rc1 Rf3 46. h4 Kd5 47. Rh1 Rg3
48. Bc3 Rxg4 49. h5 Rc6 50. hxg6 Rcxg6 51. Rh5+ R4g5 52. Rh1 Re6 53. Bd2 Kd6 54.
e4 Rg3+ 55. Be3 Rg4 56. e5+ Kd5 57. Rf1 h5 58. Rf8 Kc6 59. Bf4 Rg7 60. Ke4 Rd7
61. d5+ 1-0

[Event "e2e4 Diamond Jubilee Premier"]
[Site "London ENG"]
[Date "2012.06.04"]
[Round "5.13"]
[White "Lalic, Peter D"]
[Black "Sowray, Peter J"]
[Result "1/2-1/2"]
[BlackTitle "FM"]
[WhiteElo "2097"]
[BlackElo "2376"]
[WhiteFideId "416711"]
[BlackFideId "400971"]
[EventDate "2012.06.02"]

1. d4 e6 2. e4 d5 3. Nc3 Bb4 4. exd5 exd5 5. Bd3 Nc6 6. a3 Bxc3+ 7. bxc3 Nf6 8.
Ne2 O-O 9. Bg5 Bg4 10. f3 Bh5 11. Nf4 Re8+ 12. Be2 Bg6 13. Nxg6 hxg6 14. O-O Qd6
15. Re1 Re6 16. Bb5 Rae8 17. Rxe6 Qxe6 18. Qb1 a6 19. Bd3 Nd8 20. a4 Qc6 21. Qb4
Ne6 22. Bd2 g5 23. Rb1 Rb8 24. c4 g4 25. cxd5 Qxd5 26. Qc4 Qd6 27. d5 Nxd5 28.
Qxg4 Ndf4 29. Bxf4 Nxf4 30. h3 Nxd3 31. cxd3 Qxd3 32. Rxb7 Rxb7 33. Qc8+ Kh7 34.
Qxb7 Qd4+ 35. Kh2 Qf4+ 36. Kh1 Qxa4 37. Qxc7 Qa2 38. Qf4 Qd5 39. Qh4+ Kg8 40.
Qe1 a5 41. f4 Qa8 42. Qc1 a4 43. Qa3 Qe4 44. Qd6 Kh7 45. Kh2 Qe3 46. Qc7 Qb3 47.
Qd8 g6 48. f5 gxf5 49. Qf6 a3 50. Qxf5+ Kg7 1/2-1/2

[Event "e2e4 Diamond Jubilee Premier"]
[Site "London ENG"]
[Date "2012.06.04"]
[Round "5.14"]
[White "Armstrong, Malcolm J"]
[Black "Berry, Neil"]
[Result "0-1"]
[BlackTitle "FM"]
[WhiteElo "2040"]
[BlackElo "2308"]
[WhiteFideId "409049"]
[BlackFideId "2400650"]
[EventDate "2012.06.02"]

1. d4 d5 2. Nf3 Nf6 3. g3 c6 4. Bg2 Bg4 5. Nbd2 e6 6. O-O Nbd7 7. Re1 Be7 8. e4
dxe4 9. Nxe4 Nxe4 10. Rxe4 Bf5 11. Re1 O-O 12. c3 a5 13. a4 h6 14. b3 Re8 15.
Ba3 Bxa3 16. Rxa3 Qc7 17. Ra2 Rad8 18. Rd2 Bg4 19. Qc2 Bxf3 20. Bxf3 Nf6 21. Re5
Qb6 22. Kg2 Rd6 23. h4 Red8 24. Rd1 Nd7 25. Re3 Nf8 26. Red3 Ng6 27. Bh5 Ne7 28.
Bf3 R8d7 29. R1d2 Qd8 30. Be2 Nd5 31. Rd1 Nf6 32. R1d2 h5 33. f3 g6 34. Qd1 Nd5
35. f4 Ne7 36. Bf1 Nf5 37. Qf3 Qb6 38. Rb2 c5 39. dxc5 Qxc5 40. Rbd2 Ne3+ 0-1

[Event "e2e4 Diamond Jubilee Premier"]
[Site "London ENG"]
[Date "2012.06.04"]
[Round "5.15"]
[White "Rudd, Jack"]
[Black "Stewart, Ashley"]
[Result "1-0"]
[WhiteTitle "IM"]
[WhiteElo "2305"]
[BlackElo "1994"]
[WhiteFideId "405736"]
[BlackFideId "419001"]
[EventDate "2012.06.02"]

1. e4 c5 2. Nf3 d6 3. d4 cxd4 4. Nxd4 Nf6 5. Nc3 g6 6. Be3 Bg7 7. Be2 O-O 8. f4
Nc6 9. Nb3 a6 10. g4 b5 11. g5 Nd7 12. h4 Bb7 13. h5 Nb6 14. hxg6 hxg6 15. f5
Nc4 16. Bxc4 bxc4 17. Nd4 Qa5 18. Qd2 Nxd4 19. Bxd4 Bxd4 20. Qxd4 Qe5 21. Qxe5
dxe5 22. f6 exf6 23. gxf6 Rfd8 24. Ke2 Rd6 25. Raf1 Rad8 26. Rh6 Rd2+ 27. Ke3
Rxc2 28. Nd5 Rxd5 29. exd5 Bxd5 30. Rd1 1-0

[Event "e2e4 Diamond Jubilee Premier"]
[Site "London ENG"]
[Date "2012.06.04"]
[Round "5.16"]
[White "Sreeves, Clement"]
[Black "Foo, William J"]
[Result "1-0"]
[WhiteElo "2209"]
[BlackElo "1959"]
[WhiteFideId "2402564"]
[BlackFideId "419753"]
[EventDate "2012.06.02"]

1. e4 c5 2. Nf3 e6 3. d4 cxd4 4. Nxd4 Nf6 5. Nc3 Nc6 6. Ndb5 Bb4 7. a3 Bxc3+ 8.
Nxc3 d5 9. exd5 exd5 10. Bd3 O-O 11. O-O d4 12. Ne2 Re8 13. b4 Bg4 14. f3 Bh5
15. Nf4 Bg6 16. Nxg6 hxg6 17. f4 Nd5 18. Qf3 Ne3 19. Re1 Qb6 20. Bd2 Nxc2 21.
Bxc2 d3+ 22. Qf2 Qxf2+ 23. Kxf2 dxc2 24. Rxe8+ Rxe8 25. Rc1 Nd4 26. Be3 Re4 27.
g3 Kf8 28. Bxd4 Rxd4 29. Rxc2 Re4 30. Kf3 Re6 31. Rc8+ Re8 32. Rxe8+ Kxe8 33.
Ke4 Kd7 34. Kd5 Kc7 35. g4 Kd7 36. h4 Ke7 37. a4 Kd7 38. a5 Kc7 39. Kc5 Kd7 40.
Kd5 Kc7 41. f5 gxf5 42. gxf5 Kd7 43. b5 Ke7 44. Ke5 Kd7 45. Kf4 f6 46. Ke4 Kd6
47. Kd4 a6 48. Kc4 Ke5 49. bxa6 bxa6 50. Kc5 Kxf5 51. Kb6 Kg4 52. Kxa6 f5 53.
Kb6 f4 54. a6 f3 55. a7 f2 56. a8=Q f1=Q 57. Qe4+ 1-0

[Event "e2e4 Diamond Jubilee Premier"]
[Site "London ENG"]
[Date "2012.06.04"]
[Round "5.17"]
[White "Thompson, Robert"]
[Black "Walton, Alan J"]
[Result "1/2-1/2"]
[BlackTitle "CM"]
[WhiteElo "1965"]
[BlackElo "2179"]
[WhiteFideId "417513"]
[BlackFideId "409898"]
[EventDate "2012.06.02"]

1. d4 d5 2. Nf3 e6 3. c4 c6 4. e3 Nf6 5. Nbd2 Bd6 6. b3 Nbd7 7. Bb2 b6 8. Bd3
Bb7 9. O-O c5 10. Rc1 O-O 11. Re1 Ne4 12. Ne5 cxd4 13. exd4 Nxe5 14. dxe5 Bb4
15. Bxe4 dxe4 16. Bc3 Bxc3 17. Rxc3 f5 18. c5 bxc5 19. Rxc5 Qb6 20. Rc2 Rad8 21.
Qc1 Rd3 22. Nc4 Qd4 23. Rd2 Rc8 24. Red1 Bd5 25. Rxd3 exd3 26. Qe3 Qxe3 27. Nxe3
Rc3 28. Nxd5 1/2-1/2

[Event "e2e4 Diamond Jubilee Premier"]
[Site "London ENG"]
[Date "2012.06.04"]
[Round "5.18"]
[White "Byron, Alan M"]
[Black "Moss, Guy"]
[Result "1-0"]
[WhiteElo "2179"]
[BlackElo "1888"]
[WhiteFideId "401773"]
[BlackFideId "2804620"]
[EventDate "2012.06.02"]

1. c4 c6 2. d4 d5 3. e3 Nf6 4. Nf3 Bf5 5. Nc3 h6 6. Be2 e6 7. O-O Bd6 8. b3 O-O
9. Bb2 a6 10. c5 Bc7 11. b4 Nbd7 12. Nb1 Qb8 13. Nbd2 e5 14. dxe5 Nxe5 15. Bxe5
Bxe5 16. Nxe5 Qxe5 17. Nf3 Qe7 18. Nd4 Bg6 19. Bd3 Ne4 20. Bxe4 Bxe4 21. Qd2 Qg5
22. f3 Bh7 23. Rae1 Rfe8 24. Nb3 Re7 25. Qd4 Rae8 26. Kf2 Qf5 27. Qf4 Qxf4 28.
exf4 Bd3 29. Rxe7 Rxe7 30. Re1 Rxe1 31. Kxe1 Bc4 32. Na5 Bxa2 33. Nxb7 Bc4 34.
Kd2 Kf8 35. Ke3 Ke7 36. Nd6 Bb5 37. Nf5+ Kf6 38. Nd4 Ke7 39. g3 Kf6 40. h3 g6
41. h4 g5 42. fxg5+ hxg5 43. h5 Ba4 44. g4 Bb5 45. Nf5 Ba4 46. Kd2 Bb5 47. Ke3
Ba4 48. Nd4 Kg7 49. Kf2 f6 50. Kg3 Kh6 51. Kf2 Kh7 52. Ke3 Bb5 53. Ne6 Kh6 54.
Nf8 Ba4 55. Nd7 f5 56. Ne5 f4+ 57. Kd2 Kg7 58. Nd7 Bb3 59. Ne5 Ba4 60. Nd3 Bb5
61. Nf2 Kh6 62. Nh3 Bf1 63. Nf2 Bb5 64. Nd1 Kg7 65. Ke1 Bc4 66. Nf2 Kh6 67. Nh3
Bb5 68. Ng1 Bc4 69. Kd2 Kg7 70. Kc3 Kh6 71. Kd2 Bb5 72. Kd1 Ba4+ 73. Ke1 Bb5 74.
Nh3 Bd3 75. Kf2 Bb5 76. Ke1 Bd3 77. Nf2 Bb5 78. Kd2 Kg7 79. Nh3 Kh6 80. Nf2 Kg7
81. Nd1 Bf1 82. Nc3 Bb5 83. Nb1 Bc4 84. Na3 Bb5 85. Nc2 Ba4 86. Nd4 Bb5 87. Ne6+
Kh6 88. Kc3 Be2 89. Nd4 Bd1 90. Nxc6 Bxf3 91. Ne5 Bg2 92. Kd4 f3 93. Ke3 f2 94.
Kxf2 Be4 95. Ke3 Bh1 96. Kd4 1-0

[Event "e2e4 Diamond Jubilee Premier"]
[Site "London ENG"]
[Date "2012.06.04"]
[Round "5.19"]
[White "Snape, Ian L"]
[Black "Hegarty, Sarah N"]
[Result "0-1"]
[BlackTitle "WFM"]
[WhiteElo "2229"]
[BlackElo "2062"]
[WhiteFideId "404489"]
[BlackFideId "2501465"]
[EventDate "2012.06.02"]

1. e4 c5 2. Nf3 Nc6 3. d4 cxd4 4. Nxd4 g6 5. Nc3 Bg7 6. Be3 Nf6 7. Bc4 O-O 8.
Bb3 d6 9. f3 Bd7 10. Qd2 Nxd4 11. Bxd4 Bc6 12. h4 h5 13. O-O-O Nd7 14. Bxg7 Kxg7
15. g4 hxg4 16. h5 Rh8 17. h6+ Kh7 18. fxg4 Ne5 19. g5 Rf8 20. Rhf1 Qd7 21. Rf4
a5 22. Rdf1 e6 23. a4 Rac8 24. Rf6 Qe7 25. Rd1 Rfd8 26. Rdf1 Rf8 27. Qf4 Bd7 28.
Kb1 Qe8 29. Qd2 Qe7 30. Rd1 Ng4 31. Rf4 Ne5 32. Rdf1 Rfd8 33. Rf6 Be8 34. Nd1
Rc5 35. Qd4 b5 36. Ne3 bxa4 37. Bxa4 Rc7 38. Bxe8 Qxe8 39. R6f4 Qf8 40. Rf6 Re8
41. Qb6 Rc5 42. Qb3 Rc7 43. Rxe6 Rb8 44. Qa3 Qc8 45. Rxd6 Rcb7 46. b3 Qc3 47.
Nd5 Rxb3+ 48. cxb3 Rxb3+ 49. Qxb3 Qxb3+ 50. Kc1 Qa3+ 51. Kb1 Qxd6 52. Nf6+ Kh8
53. Rc1 Qb4+ 54. Kc2 Qc4+ 55. Kb1 Qb3+ 56. Ka1 Nc4 0-1